|
|
|
|
| LEADER |
00000nam0a2200000 4500 |
| 001 |
318462 |
| 005 |
20231102003059.0 |
| 010 |
|
|
|a 9785438706014
|
| 035 |
|
|
|a (RuTPU)RU\TPU\book\343960
|
| 090 |
|
|
|a 318462
|
| 100 |
|
|
|a 20160427d2015 k y0rusy50 ca
|
| 101 |
0 |
|
|a rus
|
| 102 |
|
|
|a RU
|
| 105 |
|
|
|a a z 001zy
|
| 200 |
1 |
|
|a Электромеханическая модель пьезосодержащей среды
|e монография
|f Б. А. Люкшин, Г. Е. Уцын, Т. В. Фурса
|g Национальный исследовательский Томский политехнический университет (ТПУ)
|
| 210 |
|
|
|a Томск
|c Изд-во ТПУ
|d 2015
|
| 215 |
|
|
|a 85 с.
|c ил.
|
| 320 |
|
|
|a Библиогр.: с. 78-84
|
| 330 |
|
|
|a Монография посвящена математическому моделированию электромеханических процессов в пьезосодержащих средах. Математическое моделирование этих процессов будет способствовать развитию нового метода не-разрушающего контроля на основе механоэлектрических преобразований в пьезосодержащих диэлектрических материалах. Работа посвящена изучению математических закономерностей в формировании электромагнитного отклика при импульсном механическом воздействии.Предназначена для специалистов в области неразрушающего контроля строительных материалов и конструкций.
|
| 606 |
1 |
|
|a Строительные материалы
|x Испытание
|x Неразрушающие методы
|2 stltpush
|3 (RuTPU)RU\TPU\subj\57460
|9 75320
|
| 610 |
1 |
|
|a строительство
|
| 610 |
1 |
|
|a пьезосодержащие среды
|
| 610 |
1 |
|
|a электромеханические процессы
|
| 610 |
1 |
|
|a математическое моделирование
|
| 610 |
1 |
|
|a пьезосодержащие диэлектрические материалы
|
| 610 |
1 |
|
|a механоэлектрические преобразования
|
| 610 |
1 |
|
|a импульсные механические воздействия
|
| 610 |
1 |
|
|a электромагнитный отклик
|
| 610 |
1 |
|
|a формирование
|
| 610 |
1 |
|
|a монографии
|
| 610 |
1 |
|
|a труды учёных ТПУ
|
| 675 |
|
|
|a 691:620.17
|v 3
|
| 700 |
|
1 |
|a Люкшин
|b Б. А.
|g Борис Александрович
|
| 701 |
|
1 |
|a Уцын
|b Г. Е.
|c специалист в области электротехники
|c инженер-исследователь Томского политехнического университета, кандидат физико-математических наук
|f 1982-
|g Григорий Евгеньевич
|2 stltpush
|3 (RuTPU)RU\TPU\pers\32187
|
| 701 |
|
1 |
|a Фурса
|b Т. В.
|c специалист в области неразрушающего контроля
|c ведущий научный сотрудник Томского политехнического университета, доктор технических наук
|f 1951-
|g Татьяна Викторовна
|2 stltpush
|3 (RuTPU)RU\TPU\pers\27723
|
| 712 |
0 |
2 |
|a Национальный исследовательский Томский политехнический университет (ТПУ)
|c (2009- )
|2 stltpush
|3 (RuTPU)RU\TPU\col\15902
|
| 801 |
|
1 |
|a RU
|b 63413507
|c 20160427
|
| 801 |
|
2 |
|a RU
|b 63413507
|c 20160506
|g RCR
|
| 900 |
|
|
|a Математическое моделирование в электромеханике
|
| 942 |
|
|
|c BK
|